000 00666nam a2200181Ia 4500
008 151202s9999||||xx |||||||||||||| ||und||
082 _bPNVM-68065
100 _aमुळे ज्ञानेश्वर.
245 _aमाणूस आणि मुक्काम.
260 _b"माणिक प्रकाशन, कोल्हापूर."
260 _c68065
300 _a156
600 _aमुळे ज्ञानेश्वर.
630 _aमाणूस आणि मुक्काम.
700 _aमुळे ज्ञानेश्वर.
730 _aमाणूस आणि मुक्काम.
942 _cBOOK
999 _c1334575
_d1334572